000 00469nam a2200157 4500
001 111926
003 ES-MaACL
005 20230906185403.0
007 t|
008 061121s1970 sp r ||||1| cat d
100 1 _aOrobitg y Carné, Norberto.
_987312
245 1 3 _aLa pau dins la guerra
_b: novela /
_cNorberto Orobitg y Carné.
260 _aAndorra :
_bMirador del Pirineu,
_c1970.
300 _a242 p., 4 lám. ;
_c21 cm.
852 _aES-MaACL
_jC-47568
_bR.75589
999 _c111926
_d111926